00341nam a2200145Ia 4500008004100000020001800041082000800059100001000067245003100077250000600108260003000114300001000144500002400154650001700178230524s9999 xx 000 0 und d a9789382618348 bAMI aAmish 4aThe Oath of The Vayuputras a1 aNew DelhibWestlandc2013 a575p; aQuantity Number: 1 aMisalliance